| 000 | 00781nam a2200181Ia 4500 | ||
|---|---|---|---|
| 008 | 100920s9999 xx 000 0 und d | ||
| 082 |
_b63122 _a61 थ 63 |
||
| 100 | _aसुराणा पन्नालाल. | ||
| 245 | _aचीनचें आक्रमण राजकीय र्पाश्वभूमी. | ||
| 260 |
_bसाधना प्रकाशन, पुणे. _c1963 |
||
| 300 |
_a48 _bसाधी |
||
| 365 | _b0.6 | ||
| 520 | _aस्थानिक वाचन. | ||
| 630 | _aचीनचें आक्रमण राजकीय र्पाश्वभूमी. | ||
| 650 | _aस्थानिक वाचन. | ||
| 730 | _aचीनचें आक्रमण राजकीय र्पाश्वभूमी. | ||
| 942 | _cBOOK | ||
| 999 |
_c706205 _d706202 |
||